=LDR 00000nam 2200000 4500 =001 INLIS000000000009869 =005 20200812013956 =035 ##$$a 0010-061300000009869 =008 200812################g##########0#ind## =041 ##$$a Ind =082 ##$$a 2x4.168 =090 ##$$a 2x4.168, Yun s =100 ##$$a Yuniardi, Harry =245 1#$$a Santri NU menggugat tahlilan /$c Harry Yuniardi =260 ##$$a Bandung :$b Mujahid,$c 2003 =300 ##$$a 84 hlm, ; $c 20 x 12 cm. =650 #4$$a Talqin dan Tahilil =850 ##$$a NBPNMAT =084 ##$$a 2x4.168 YUN s =990 ##$$a 1036428